000 00753nam a2200265 a 4500
001 000023801
003 OSt
005 20200930022458.0
008 110113s1969 ve r 000 p spa d
040 _aDO-SdBNP
_bspa
_cBNPHU
049 _aBNGR
082 _aV861.44
_bS586a
100 1 _aSilva Estrada, Alfredo,
_d1933 - 2009
_948993
245 1 0 _aAcercamientos :
_bobra poética (1952-1967) /
_cAlfredo Silva Estrada.
260 _aCaracas :
_bMonte Ávila,
_c1969.
300 _a320, [8] p. ;
_c20 cm.
490 1 _aAltazor ;
590 _aInventariado, 2020/ YL
650 4 _aPoesía venezolana
_94230
650 4 _aLiteratura venezolana
_93816
830 0 _aAltazor
_98724
910 _aEn proceso
942 _2ddc
_cLF1
956 _aYLOCKWARD
999 _c23297
_d23297